| Tag |
First Indicator |
Second Indicator |
Subfields |
| LEADER |
00000cam a2200000 a 4500 |
| 001 |
in00000080842 |
| 005 |
20151008054110.0 |
| 008 |
810723s1981 nyua b 00110 eng |
| 010 |
|
|
|a 81012044
|
| 020 |
|
|
|a 0890046506
|
| 035 |
|
|
|a (OCoLC)07672259
|
| 035 |
|
|
|9 AAH9627AM
|
| 039 |
0 |
|
|a 2
|b 3
|c 3
|d 3
|e 3
|
| 040 |
|
|
|a DLC
|c DLC
|d CUX
|d TXA
|d UtOrBLW
|
| 049 |
|
|
|a TXAM
|c [985473]
|
| 050 |
0 |
0 |
|a QP451.4
|b .E45
|
| 060 |
|
0 |
|a WL 704 E54p (P)
|
| 082 |
0 |
|
|a 616/.0472
|2 19
|
| 100 |
1 |
|
|a Emmers, Raimond.
|
| 245 |
1 |
0 |
|a Pain--a spike-interval coded message in the brain /
|c Raimond Emmers.
|
| 264 |
|
1 |
|a New York, N.Y. :
|b Raven Press,
|c [1981]
|
| 264 |
|
4 |
|c ©1981
|
| 300 |
|
|
|a x, 134 pages :
|b illustrations ;
|c 26 cm.
|
| 336 |
|
|
|a text
|b txt
|2 rdacontent
|
| 337 |
|
|
|a unmediated
|b n
|2 rdamedia
|
| 338 |
|
|
|a volume
|b nc
|2 rdacarrier
|
| 500 |
|
|
|a Includes index.
|
| 504 |
|
|
|a Bibliography: pages 129-130.
|
| 650 |
|
0 |
|a Pain
|x Physiological aspects.
|
| 650 |
|
0 |
|a Action potentials (Electrophysiology)
|
| 650 |
|
2 |
|a Brain
|x physiology.
|
| 650 |
|
2 |
|a Synaptic Transmission.
|
| 650 |
|
2 |
|a Pain
|x physiopathology.
|
| 650 |
|
2 |
|a Nociceptors
|x physiology.
|
| 999 |
|
|
|a MARS
|
| 999 |
f |
f |
|s f6109134-757a-3374-b95b-d39b01eb8696
|i e03beba0-6b83-36f7-b757-18914e2ec703
|t 0
|
| 952 |
f |
f |
|p ric
|a Texas A&M University
|b Rellis Campus
|c Joint Library Facility
|d Remote Storage
|t 0
|e QP451.4 .E45
|h Library of Congress classification
|i unmediated -- volume
|m A14806224455
|
| 998 |
f |
f |
|a QP451.4 .E45
|t 0
|l Remote Storage
|